| 000 | 00660cam a22002052 4500 | ||
|---|---|---|---|
| 001 | 0000002209 | ||
| 005 | 20151217151844.0 | ||
| 008 | 070404s xx 000 0 eng d | ||
| 020 | _cKES 3,920 | ||
| 040 |
_aKABU _cKABU |
||
| 050 | 0 |
_aHF5415.13 _b.L36 2000 |
|
| 100 | 1 |
_aLambin, Jean-Jacques, _d1933-. _@0000151478 |
|
| 245 | 1 | 0 |
_aMarket-driven management : _bstrategic and operational marketing / _cJean-Jacques Lambin. |
| 260 |
_aHoundsmills : _bPalgrave, _c2000. |
||
| 300 | _axxxviii, 737 p. | ||
| 650 | 0 |
_aMarketing _zEuropean _xManagement. _@0000151479 |
|
| 908 | _a070404 | ||
| 950 | _@1 | ||
| 999 |
_c5705 _d5705 |
||